Catálogo
 En Linea

Emmanuel Carneiro Leao / (Registro nro. 43995)

Detalles MARC
000 -CABECERA
campo de control de longitud fija 00676nam a2200193 a 4500
001 - NÚMERO DE CONTROL
campo de control 000044506
005 - FECHA Y HORA DE LA ÚLTIMA TRANSACCIÓN
campo de control 20201002045425.0
008 - DATOS DE LONGITUD FIJA--INFORMACIÓN GENERAL
campo de control de longitud fija 140703s2010 br 000 0 spa d
020 ## - NÚMERO INTERNACIONAL ESTÁNDAR DEL LIBRO
Número Internacional Estándar del Libro 978856297014
040 ## - FUENTE DE LA CATALOGACIÓN
Centro catalogador/agencia de origen DO-SdBNP
Lengua de catalogación spa
Centro/agencia transcriptor BNPHU
100 1# - ENTRADA PRINCIPAL--NOMBRE DE PERSONA
Nombre de persona Carneiro Leao, Emmanuel
9 (RLIN) 72527
245 10 - MENCIÓN DE TÍTULO
Título Emmanuel Carneiro Leao /
Mención de responsabilidad, etc. Emmanuel Carneiro Leao; organizadores, Fernando Santoro ... [et al.].
260 ## - PUBLICACIÓN, DISTRIBUCIÓN, ETC.
Lugar de publicación, distribución, etc. Rio de Janeiro :
Nombre del editor, distribuidor, etc. fundacao biblioteca nacional,
Fecha de publicación, distribución, etc. 2010.
300 ## - DESCRIPCIÓN FÍSICA
Extensión 423 p. :
Otras características físicas il. ;
Dimensiones 24 cm.
490 1# - MENCIÓN DE SERIE
Mención de serie Pensamento no Brasil
Designación de volumen o secuencia 1
505 ## - NOTA DE CONTENIDO CON FORMATO
Nota de contenido con formato v. 1
Título Pensamento no Brasil¿
700 12 - PUNTO DE ACCESO ADICIONAL--NOMBRE DE PERSONA
Nombre de persona Santoro, Fernando,
Fechas asociadas al nombre 1968-
9 (RLIN) 72528
830 #0 - PUNTO DE ACCESO ADICIONAL DE SERIE-TÍTULO UNIFORME
Título uniforme Pensamento no Brasil
Designación de volumen o secuencia 1
9 (RLIN) 72529
Existencias
Estado de retiro Estado de pérdida Restricciones de uso No para préstamo Código de colección Localización permanente Ubicación/localización actual Ubicación en estantería Fecha de adquisición Número de inventario Total de préstamos Signatura topográfica completa Código de barras Fecha visto por última vez Precio válido a partir de Tipo de ítem Koha
      Excluido de préstamo Monografías: Libros y Folletos General General En catalogación 03.07.2014 LF1   44506-10 25.06.2020 25.06.2020 No se presta

Con tecnología Koha